|
|
|
|
| LEADER |
00000cam a2200000 7i4500 |
| 001 |
0000004894 |
| 002 |
000005277 |
| 005 |
20000330.0 |
| 020 |
|
|
|a 9678300176
|
| 090 |
0 |
0 |
|a 297.22
|b ALQ
|
| 100 |
1 |
|
|a Al Qardawi, Dr.Yusuf
|
| 245 |
1 |
0 |
|a Iman dan kehidupan
|c Dr.Yusuf Al-Qardawi ; Terjemahan oleh Fachruddin HS.
|
| 260 |
|
|
|a Kuala Lumpur :
|b Dewan Pustaka Fajar ,
|c 1985
|
| 300 |
|
|
|a 296p. ;
|c 20cm.
|
| 650 |
0 |
0 |
|a Faith (Islam)
|
| 700 |
0 |
|
|a Fachruddin HS.
|
| 999 |
|
|
|a 034825
|b BUKU
|c PINJAMAN
|e PERPUSTAKAAN KOMUNITI PETALING JAYA
|
| 999 |
|
|
|a 117150
|b BUKU
|c PINJAMAN
|e PERPUSTAKAAN KOMUNITI PETALING JAYA
|
| 999 |
|
|
|a 117151
|b BUKU
|c PINJAMAN
|e PERPUSTAKAAN KOMUNITI PETALING JAYA
|